Central Library OPAC University of Rajshahi

Philosophy, poetry, history : (Record no. 31758)

MARC details
000 -LEADER
fixed length control field 00961cam a2200289 4500
001 - CONTROL NUMBER
control field 31758
003 - CONTROL NUMBER IDENTIFIER
rucl marc code BD-RjUL
005 - DATE AND TIME OF LATEST TRANSACTION
control field 20211209051738.0
008 - FIXED-LENGTH DATA ELEMENTS--GENERAL INFORMATION
fixed length control field 140422s1966 enk 001 0 eng
035 ## - SYSTEM CONTROL NUMBER
System control number (BD-RjUL)31846
040 ## - CATALOGING SOURCE
Original cataloging agency DLC
Transcribing agency DLC
Modifying agency DLC
-- BD-RjUL
Language of cataloging eng
041 1# - LANGUAGE CODE
Language code of text/sound track or separate title engita
082 00 - DEWEY DECIMAL CLASSIFICATION NUMBER
Classification number 195
Author mark and year CRP 1966
100 1# - MAIN ENTRY--PERSONAL NAME
Personal name Croce, Benedetto,
Dates associated with a name 1866-1952.
9 (RLIN) 11219
245 10 - TITLE STATEMENT
Title Philosophy, poetry, history :
Remainder of title an anthology of essays /
Statement of responsibility, etc. translated [from the Italian] and introduced by Cecil Sprigge.
260 ## - PUBLICATION, DISTRIBUTION, ETC. (IMPRINT)
Place of publication, distribution, etc. London ;
-- New York :
Name of publisher, distributor, etc. Oxford U.P.,
Date of publication, distribution, etc. c1966.
300 ## - PHYSICAL DESCRIPTION
Pagination lxxiii, 1133 p. ;
Size 23 cm.
500 ## - GENERAL NOTE
General note This collection originally published as Filosofia, poesia, storia. Milan, Riccardi, 1951.
504 ## - BIBLIOGRAPHY, ETC. NOTE
Bibliography, etc Includes index.
650 #0 - SUBJECT ADDED ENTRY--TOPICAL TERM
Topical term or geographic name as entry element Philosophy.
9 (RLIN) 96654
Topical term or geographic name as entry element History
General subdivision Philosophy.
9 (RLIN) 96655
700 1# - ADDED ENTRY--PERSONAL NAME
Personal name Sprigge, Cecil. [tr.]
942 ## - ADDED ENTRY ELEMENTS (KOHA)
Source of classification or shelving scheme Dewey Decimal Classification
Koha item type Books
Holdings
Lost status Source of classification or shelving scheme Damaged status Not for loan Collection code Permanent Location Current Location Shelving location Date acquired Source of acquisition Cost, normal purchase price Total Checkouts Full call number Date last seen Copy number Koha item type
  Dewey Decimal Classification   Not For Loan Non-fiction Central Library, University of Rajshahi Central Library, University of Rajshahi Reading Room 30/10/1970 Sweets & Zaitlinger 105.00   195 CRP 1966 22/04/2014 C-1 Books